dance moms characters - Statistics

General Stats
  • This quiz has been taken 881 times
  • The average score is 10 of 21
Answer Stats
Answer % Correct
maddie
98%
chloe
89%
brooke
88%
nia
87%
paige
87%
Kalani
55%
Melissa
50%
christi
49%
Holly
49%
Jojo
49%
ABBY
44%
brynn
42%
Asia
40%
jill
39%
mackz
27%
Kira
20%
Jess
16%
kendell
13%
Ashlee
9%
Abbys mum
1%
christi Ray
1%
No matching quizzes found
Score Distribution
Percent of People with Each Score
Percentile by Number Answered
Your Score History
You have not taken this quiz